| 000 | 00847cam a22002893a 4500 | ||
|---|---|---|---|
| 001 | 3727 | ||
| 003 | PGUSA | ||
| 005 | 20140828083037.0 | ||
| 008 | 030201s2003||||xxu|||||s|||||000 1 eng d | ||
| 040 |
_aPGUSA _beng |
||
| 042 | _adc | ||
| 050 | 4 | _aPR | |
| 100 | 1 |
_aRichardson, Henry Handel, _d1870-1946 |
|
| 245 | 1 | 0 |
_aMaurice Guest _h[electronic resource] / _cHenry Handel Richardson |
| 260 |
_bProject Gutenberg, _c2003 |
||
| 506 | _aPublic domain in the USA. | ||
| 516 | _aElectronic text | ||
| 653 | _aMusical fiction | ||
| 653 | _aLove stories | ||
| 653 | _aConservatories of music -- Fiction | ||
| 653 | _aAutobiographical fiction | ||
| 653 | _aAustralians -- Germany -- Fiction | ||
| 653 | _aLeipzig (Germany) -- Fiction | ||
| 830 | 0 |
_aProject Gutenberg _v3727 |
|
| 856 | 4 | 0 | _uhttp://www.gutenberg.org/ebooks/3727 |
| 942 | _cEB | ||
| 999 |
_c233056 _d233056 |
||